00730nam a2200157 a 450000100100000000500170001000800410002704000250006811101340009324500890022726000640031630000200038049000720040070000280047283000720050000001600920200929164233.0100223s1979 dr r 000 0 spa d aDO-SdBNPbspacBNPHU1 aSeminario sobre gestión de las empresas públicas en la República Dominicana e Italian30 de obtubrede 1975cSanto Domingo )10aControl de Gobierno Central sobre las empresas públicas /cJosé Rafael Abinader. aSanto Domingo :bSecretaría de Estado de Finanzas,c1979. a13 P. ;c22 cm.1 aPublicación Técnica de la Secretaría de Estado de Finanzasv41 aAbinader, José Rafael 0aPublicación Técnica de la Secretaría de Estado de Finanzasn4